000 00697cam a22002413a 4500
001 22477
003 PGUSA
005 20140828083458.0
008 070831s2007||||xxu|||||s|||||000 1 eng d
040 _aPGUSA
_beng
042 _adc
050 4 _aPR
100 1 _aLawrence, D. H.
_q(David Herbert),
_d1885-1930
245 1 0 _aWintry Peacock :
_bFrom "The New Decameron", Volume III.
_h[electronic resource] /
_cD. H. Lawrence
260 _bProject Gutenberg,
_c2007
506 _aPublic domain in the USA.
516 _aElectronic text
653 _aShort stories
653 _aFiction
830 0 _aProject Gutenberg
_v22477
856 4 0 _uhttp://www.gutenberg.org/ebooks/22477
942 _cEB
999 _c251732
_d251732